000 00528nam a2200193 a 4500
001 16181
003 CO-ViMGA
008 141112s2004 ck r 000 u spa d
020 _a8420482056
040 _aCO-ViMGA
_bspa
_cCO-ViMGA
082 0 4 _aCu863 C117e
100 1 _aCabrera Infante, Guillermo
_923133
245 1 0 _aElla cantaba boleros
260 _aMadríd (España) :
_bAlfaguara,
_c1997
300 _a309.p.
590 _aForma de adquisición : Premio - Mincultura
650 1 4 _aNOVELA CUBANA
_92121
942 _2ddc
_cBK
999 _c26101
_d26101